=LDR 00000nam 2200000 4500 =001 INLIS000000000035540 =005 20130612141406 =008 ***********************************ind** =035 ##$$0010-061300000035540 =041 ##$$a ind =082 ##$$a 363.61 =090 ##$$a 363.61, Men m =245 ##$$a Menuju pencpaian target Mdgs bidang air minum, Hasil pembangunan SPAM - IKK 2005-2009/Ir. Cece Sutapa,M.Eng...(et.al) =260 ##$$a 2009 $b (S.l) =300 ##$$a 101 hlm., Ilus., 25 cm =650 ##$$a Air Minum =700 ##$$a Sutopa,Cece, Ir =850 ##$$a NBPNMAT